000 00749nam a22002297a 4500
999 _c61641
_d61641
005 20240404145809.0
008 240404s2004 enk||||| |||| 00| 0 eng d
020 _a9780471031857
041 _aeng
080 _a614 B-67
245 _aBiostatistics:
_bA Methodology For the Health Sciences /
250 _aSecond edition
264 _aHoboken,
_c2004.
300 _a871 p.;
_b26 cm.
653 _aბიოსტატისტიკა
653 _aმედიცინა
700 _aBelle, Gerald van
_eავტორი
_921709
700 _aFisher, Lloyd D.
_eავტორი
_921710
700 _aHeagerty, Patrick J.
_eავტორი
_921711
700 _aLumley, Thomas
_eავტორი
_921712
942 _2udc
_cBK